000 00255nam a2200121Ia 4500
100 _aRobines Judd
942 _cBK
654 _aDos 6.0 & 6.2
245 _aMastering Dos 6.0 & 6.2
260 _bBPB
_aNew Delhi
_c1994
546 _aENGLISH
999 _c33843
_d33843